Campo Abierto REvista de Educacion

Uloženo v:
Podrobná bibliografie
Médium: Elektronický zdroj Časopis
Vydáno: Universidad de Extremadura
On-line přístup:Available in Education Source.
Tagy: Přidat tag
Žádné tagy, Buďte první, kdo vytvoří štítek k tomuto záznamu!

MARC

LEADER 00000nas a22000002 4500
001 ebs77795068e
003 EBZ
006 m d ||||||
007 cr|unu||||||||
008 241105| xx uu p o 0 0||| d
022 |y 0213-9529 
035 |a (EBZ)ebs77795068e 
040 |a EBZ 
042 |a msc 
130 0 |a Campo Abierto REvista de Educacion (Online) 
222 1 0 |a Campo Abierto REvista de Educacion 
245 0 0 |a Campo Abierto REvista de Educacion  |h [electronic resource]. 
260 |b Universidad de Extremadura 
773 0 |t Education Source   |d EBSCO 
856 4 0 |3 Abstracts available: Jan 2021-.  |z Available in Education Source.  |u https://researchs.unach.elogim.com/direct.asp?db=eue&jid=MO2D&scope=site 
901 |a Academic Journal